Trends in Foreign Trade Development of Slovak and Kazakh Republics

Skúmanie tendencie vývoja a aktuálnej situácie vzájomného obchodu medzi Slovenskom a Kazachstanom. Postavenie daných ekonomických partnerov v ich zahraničnom obchode. Identifikácia možných perspektívnych spôsobov, ako zintenzívniť obchodné vzťahy medzi krajinami v záujme ich vzájomnej prosperity a h...

Descripción completa

Guardado en:
Detalles Bibliográficos
Autor principal: Baleha, Andrianna, 1990-
Formato: Capítulo de libro
Lenguaje:inglés
Materias:
Etiquetas: Agregar Etiqueta
Sin Etiquetas, Sea el primero en etiquetar este registro!

MARC

LEADER 00000naa a2200000 4500
001 0267143
005 20240502074209.0
041 0 |a eng 
044 |a SK 
245 1 0 |a Trends in Foreign Trade Development of Slovak and Kazakh Republics  |c Andrianna Baleha 
520 |a Skúmanie tendencie vývoja a aktuálnej situácie vzájomného obchodu medzi Slovenskom a Kazachstanom. Postavenie daných ekonomických partnerov v ich zahraničnom obchode. Identifikácia možných perspektívnych spôsobov, ako zintenzívniť obchodné vzťahy medzi krajinami v záujme ich vzájomnej prosperity a hospodárskeho rozvoja. 
610 2 0 |a Slovensko 
610 2 0 |a obchod zahraničný 
610 2 0 |a Kazachstan 
610 2 0 |a vývoj 
100 1 |a Baleha, Andrianna, 1990-